[Event "American Continental 18th"]
[Site "Medellin"]
[Date "2024.05.30"]
[Round "9"]
[White "Jaque Gutierrez, Matias"]
[Black "Rodriguez Velasco, German Enrique"]
[Result "1-0"]
[WhiteElo "2233"]
[BlackElo "2032"]
[PlyCount "75"]
[EventDate "2024.05.24"]
[EventType "swiss"]
[EventRounds "11"]
[EventCountry "COL"]
[SourceTitle "CB23_2024"]
[SourceDate "2024.06.05"]
[SourceVersion "1"]
[SourceVersionDate "2024.06.05"]
[SourceQuality "1"]

1. e4 c5 2. Nf3 e6 3. g3 Nc6 4. Bg2 d6 5. 0-0 Nf6 6. Re1 Be7 7. c3 e5 8. d4 Bg4 9. d5 Nb8 10. c4 Qd7 11. Qb3 b6 12. Nc3 Na6 13. h3 Bxf3 14. Bxf3 Nb4 15. Ne2 0-0 16. Bg2 Rfb8 17. a3 Na6 18. f4 b5 19. g4 Ne8 20. f5 bxc4 21. Qxc4 Bh4 22. Rd1 Nac7 23. b4 cxb4 24. axb4 Nb5 25. Be3 Rc8 26. Qd3 Bd8 27. Rdc1 Qb7 28. Kh2 a6 29. g5 Bb6 30. f6 Qa7 31. Bd2 Bf2 32. Rf1 g6 33. Bf3 Rc7 34. h4 Bd4 35. Ra2 Qb8 36. Bg4 Bb6 37. Kg2 Rca7 38. h5 1-0

[Event "American Continental Blitz 18th"]
[Site "Medellin"]
[Date "2024.05.29"]
[Round "8"]
[White "Rodriguez Velasco, German Enrique"]
[Black "Lopez Fuentes, Wilberth Sebastian"]
[Result "0-1"]
[WhiteElo "2032"]
[BlackElo "1838"]
[PlyCount "72"]
[EventDate "2024.05.29"]
[EventType "swiss (blitz)"]
[EventRounds "9"]
[EventCountry "COL"]
[SourceTitle "CB23_2024"]
[SourceDate "2024.06.05"]
[SourceVersion "1"]
[SourceVersionDate "2024.06.05"]
[SourceQuality "1"]

1. d4 f5 2. Bg5 g6 3. h4 Bg7 4. h5 h6 5. Bf4 g5 6. Be5 Nf6 7. e3 Nc6 8. Bg3 d5 9. Nf3 Ne4 10. Be5 Nxe5 11. Nxe5 Bxe5 12. dxe5 c6 13. Be2 Qc7 14. Qd4 Be6 15. b3 Qa5+ 16. b4 Qa4 17. Bd3 a5 18. b5 cxb5 19. Nc3 Qxd4 20. exd4 Nxc3 21. f3 Kf7 22. Kd2 b4 23. Rhf1 Rac8 24. g4 f4 25. Bg6+ Kg7 26. a3 Rc4 27. axb4 axb4 28. Kd3 Bf7 29. Bxf7 Kxf7 30. Ra7 Nb5 31. Rxb7 Rxd4+ 32. Ke2 Nc3+ 33. Kf2 Rd2+ 34. Kg1 Ne2+ 35. Kf2 Ng3+ 36. Ke1 Rxc2 0-1

[Event "American Continental Blitz 18th"]
[Site "Medellin"]
[Date "2024.05.29"]
[Round "6"]
[White "Rodriguez Velasco, German Enrique"]
[Black "Lopez Rayo, Isabella"]
[Result "1/2-1/2"]
[WhiteElo "2032"]
[BlackElo "1980"]
[PlyCount "128"]
[EventDate "2024.05.29"]
[EventType "swiss (blitz)"]
[EventRounds "9"]
[EventCountry "COL"]
[SourceTitle "CB23_2024"]
[SourceDate "2024.06.05"]
[SourceVersion "1"]
[SourceVersionDate "2024.06.05"]
[SourceQuality "1"]

1. d4 Nf6 2. Bg5 g6 3. Bxf6 exf6 4. e3 d5 5. g3 Bg7 6. Bg2 0-0 7. Ne2 f5 8. Nd2 Be6 9. 0-0 Nd7 10. b3 Nf6 11. c4 c6 12. Nf4 g5 13. cxd5 Nxd5 14. Nh5 Bh8 15. Rc1 Nf6 16. Nxf6+ Bxf6 17. Qc2 Qd7 18. Rfd1 Rad8 19. Nc4 Bd5 20. Bxd5 Qxd5 21. Nb2 h5 22. Qe2 Kg7 23. Rc5 Qe4 24. Qd3 Qxd3 25. Nxd3 Kg6 26. f4 g4 27. Kf2 h4 28. b4 hxg3+ 29. hxg3 Rh8 30. Rg1 Rde8 31. b5 cxb5 32. Rxb5 Rh2+ 33. Rg2 Rxg2+ 34. Kxg2 Rxe3 35. Ne5+ Bxe5 36. fxe5 f6 37. exf6 Kxf6 38. Rxb7 Ra3 39. Rb2 Ke6 40. Rf2 Ra4 41. Rd2 Kd5 42. Rf2 Ke4 43. Kf1 Rxd4 44. Rb2 Rd3 45. Kf2 Rf3+ 46. Kg2 Ra3 47. Re2+ Kd4 48. Rf2 Ke4 49. Rb2 a5 50. Kf2 f4 51. gxf4 Kxf4 52. Kg2 g3 53. Rc2 Ra4 54. Rd2 Rb4 55. Kg1 a4 56. Rd3 Rb2 57. Ra3 Rb4 58. Kg2 Rb2+ 59. Kg1 Rb1+ 60. Kg2 Rb2+ 61. Kg1 Rb4 62. Kg2 Rb2+ 63. Kg1 Rb1+ 64. Kg2 Kg4 1/2-1/2

[Event "Bogota District-ch"]
[Site "Bogota"]
[Date "2024.04.20"]
[Round "4"]
[White "Mesa Baez, Samuel"]
[Black "Rodriguez Velasco, German Enrique"]
[Result "1-0"]
[WhiteElo "1981"]
[BlackElo "2059"]
[PlyCount "111"]
[EventDate "2024.04.17"]
[EventType "swiss"]
[EventRounds "7"]
[EventCountry "COL"]
[SourceTitle "CB21_2024"]
[SourceDate "2024.05.22"]
[SourceVersion "1"]
[SourceVersionDate "2024.05.22"]
[SourceQuality "1"]

1. e4 c5 2. Nf3 Nc6 3. Bb5 Qb6 4. Nc3 e6 5. 0-0 Nge7 6. Re1 a6 7. Bxc6 Nxc6 8. Ne2 e5 9. Nc3 g6 10. Nd5 Qd8 11. d4 Nxd4 12. Bg5 Nxf3+ 13. Qxf3 Qxg5 14. Nc7+ Ke7 15. Nxa8 Qf6 16. Qc3 d6 17. Qa5 Bh6 18. Rad1 Rd8 19. Qc7+ Kf8 20. Nb6 Qe7 21. Qxe7+ Kxe7 22. Nxc8+ Rxc8 23. Rd3 Bg5 24. Red1 Rc6 25. c4 Ke6 26. g3 Bf6 27. Kg2 Bg7 28. Rb1 a5 29. a3 b6 30. Rc3 Bf6 31. b4 axb4 32. axb4 cxb4 33. Rxb4 Bd8 34. Ra3 Rc8 35. Ra7 h5 36. Kf3 h4 37. g4 f5 38. Rg7 Kf6 39. Rh7 Ra8 40. exf5 gxf5 41. Rxh4 Ra3+ 42. Kg2 f4 43. Rh8 Bc7 44. Rc8 Ra7 45. Kf3 Ke6 46. g5 Kf5 47. h4 e4+ 48. Kg2 Kg4 49. Rb1 f3+ 50. Kf1 b5 51. cxb5 Bb6 52. Rc6 Bxf2 53. Kxf2 Ra2+ 54. Ke3 Re2+ 55. Kd4 f2 56. g6 1-0

[Event "Bogota District-ch"]
[Site "Bogota"]
[Date "2024.04.19"]
[Round "3"]
[White "Pena Flechas, Luis Orlando"]
[Black "Rodriguez Velasco, German Enrique"]
[Result "0-1"]
[WhiteElo "1677"]
[BlackElo "2059"]
[PlyCount "72"]
[EventDate "2024.04.17"]
[EventType "swiss"]
[EventRounds "7"]
[EventCountry "COL"]
[SourceTitle "CB21_2024"]
[SourceDate "2024.05.22"]
[SourceVersion "1"]
[SourceVersionDate "2024.05.22"]
[SourceQuality "1"]

1. d4 Nf6 2. Bf4 c5 3. d5 Qb6 4. Be5 d6 5. Bc3 Ne4 6. Qc1 Nxc3 7. Nxc3 g6 8. e3 Bg7 9. Bb5+ Nd7 10. Nge2 a6 11. Ba4 0-0 12. Bxd7 Bxd7 13. 0-0 Qc7 14. Qd2 b5 15. Rac1 b4 16. Nd1 a5 17. c4 e6 18. e4 exd5 19. exd5 Rae8 20. Ne3 Re7 21. Rce1 a4 22. f4 a3 23. b3 Rfe8 24. Nd1 Bg4 25. Nc1 Bd4+ 26. Kh1 h5 27. h3 Bf5 28. Ne2 Bf6 29. Rf3 Bh4 30. g3 Be4 31. Kg2 Bf6 32. Kf2 Qd7 33. g4 Bxf3 34. Kxf3 Bh4 35. Nf2 hxg4+ 36. hxg4 Bxf2 0-1

[Event "Pereira Fiestas de la Cosecha op"]
[Site "Pereira"]
[Date "2023.08.26"]
[Round "4"]
[White "Rodriguez Velasco, German Enrique"]
[Black "Jimenez, Eduard"]
[Result "1-0"]
[WhiteElo "2016"]
[BlackElo "1744"]
[PlyCount "89"]
[EventDate "2023.08.24"]
[EventType "swiss"]
[EventRounds "7"]
[EventCountry "COL"]
[SourceTitle "EXT 2024"]
[Source "ChessBase"]
[SourceDate "2023.10.10"]
[SourceVersion "1"]
[SourceVersionDate "2023.10.10"]
[SourceQuality "1"]

1. Nf3 c5 2. g3 Nf6 3. Bg2 g6 4. c4 Bg7 5. Nc3 Nc6 6. e3 e6 7. d4 cxd4 8. exd4 d5 9. c5 0-0 10. 0-0 Bd7 11. Bf4 Ne8 12. a3 f6 13. Re1 g5 14. Be3 a5 15. Na4 Qc7 16. Nb6 Rd8 17. Bh3 h6 18. Nxd7 Rxd7 19. Bxe6+ Kh8 20. Bxd7 Qxd7 21. Kg2 f5 22. Bd2 Nf6 23. Ne5 Nxe5 24. dxe5 Ne4 25. f3 Nxc5 26. Bxa5 Ne6 27. Qb3 Re8 28. Rad1 d4 29. Qd3 g4 30. f4 Qd5+ 31. Kg1 Qxa5 32. Qxf5 Qb6 33. Qxg4 d3+ 34. Kg2 Rd8 35. Rd2 Nc5 36. Qf3 Qb3 37. f5 Qc4 38. f6 Bf8 39. Re3 Qc1 40. Qd1 Qxd1 41. Rxd1 h5 42. b4 Bh6 43. Rf3 Ne6 44. Rfxd3 Rxd3 45. Rxd3 1-0

[Event "Cali Valle Colombia op-B"]
[Site "Cali Valle Colombia"]
[Date "2022.12.28"]
[Round "5"]
[White "Guelgua, Alvaro"]
[Black "Rodriguez Velasco, German Enrique"]
[Result "1-0"]
[WhiteElo "2039"]
[BlackElo "2071"]
[PlyCount "81"]
[EventDate "2022.12.26"]
[EventType "swiss"]
[EventRounds "8"]
[EventCountry "COL"]
[SourceTitle "CBM 211 Extra"]
[Source "ChessBase"]
[SourceDate "2023.01.31"]
[SourceVersion "1"]
[SourceVersionDate "2023.01.31"]
[SourceQuality "1"]

1. e4 c5 2. Nf3 e6 3. d4 cxd4 4. Nxd4 a6 5. Bd3 Ne7 6. 0-0 Nec6 7. Nf3 Qc7 8. b3 Be7 9. Bb2 Bf6 10. Bxf6 gxf6 11. Nbd2 d6 12. Nc4 Nd7 13. Be2 Ke7 14. Qd2 b5 15. Ne3 Nc5 16. Bd3 Bb7 17. Rfe1 Ne5 18. Nd4 Rhg8 19. f4 Ncxd3 20. cxd3 Qc5 21. fxe5 Qxd4 22. exf6+ Qxf6 23. Rf1 Qg7 24. Qa5 Bc8 25. Rac1 Qd4 26. Qd2 Bd7 27. Rf3 Rac8 28. Rcf1 Be8 29. Kh1 Rc7 30. h3 Qc3 31. Qf2 Kd8 32. Ng4 Qc5 33. d4 Qg5 34. Nf6 Rg7 35. d5 Ke7 36. g4 Qe5 37. Qb6 Rc2 38. R3f2 Qc3 39. Rxc2 Qxc2 40. Qb7+ Kd8 41. Qb8+ 1-0

[Event "Cali Valle Colombia op-B"]
[Site "Cali Valle Colombia"]
[Date "2022.12.28"]
[Round "4"]
[White "Rodriguez Velasco, German Enrique"]
[Black "Silva Ortiz, Marco Aurelio"]
[Result "1-0"]
[WhiteElo "2071"]
[BlackElo "1862"]
[PlyCount "81"]
[EventDate "2022.12.26"]
[EventType "swiss"]
[EventRounds "8"]
[EventCountry "COL"]
[SourceTitle "CBM 211 Extra"]
[Source "ChessBase"]
[SourceDate "2023.01.31"]
[SourceVersion "1"]
[SourceVersionDate "2023.01.31"]
[SourceQuality "1"]

1. d4 d5 2. c4 Bf5 3. cxd5 Bxb1 4. Rxb1 Qxd5 5. Nf3 Qxa2 6. Qc2 e6 7. Bd2 Nc6 8. e3 Bb4 9. Bb5 Bxd2+ 10. Nxd2 Nge7 11. Nb3 0-0 12. Bxc6 Nxc6 13. Ra1 Nb4 14. Qc3 Qxb2 15. Qxb4 a5 16. Qa3 Qc3+ 17. Nd2 Qc2 18. Rc1 Qg6 19. 0-0 c6 20. Nc4 Ra6 21. Ne5 Qh5 22. Rc5 Rfa8 23. Nxc6 Qxc5 24. dxc5 Rxc6 25. Rb1 Ra7 26. h4 h6 27. Rb5 a4 28. g4 Rc8 29. Rb4 Rca8 30. f4 g6 31. Kf2 Kh7 32. Kf3 Kg8 33. f5 exf5 34. gxf5 g5 35. hxg5 hxg5 36. Kg4 f6 37. Re4 b5 38. cxb6 Rh7 39. Kg3 Kh8 40. Rxa4 Rb8 41. Ra8 1-0

[Event "Palmira Fortalece Sede"]
[Site "Palmira"]
[Date "2022.12.15"]
[Round "4"]
[White "Quinonez Garcia, Santiago"]
[Black "Rodriguez Velasco, German Enrique"]
[Result "1-0"]
[WhiteElo "2280"]
[BlackElo "2071"]
[PlyCount "81"]
[EventDate "2022.12.13"]
[EventType "swiss"]
[EventRounds "10"]
[EventCountry "COL"]
[SourceTitle "CBM 211 Extra"]
[Source "ChessBase"]
[SourceDate "2023.01.31"]
[SourceVersion "1"]
[SourceVersionDate "2023.01.31"]
[SourceQuality "1"]

1. e4 c5 2. Nf3 e6 3. d4 cxd4 4. Nxd4 a6 5. Bd3 Nf6 6. 0-0 Qc7 7. Qe2 d6 8. c4 g6 9. f4 Bg7 10. Nc3 0-0 11. Nf3 Nc6 12. Kh1 Nd7 13. Be3 Bxc3 14. bxc3 f6 15. Nd4 Nc5 16. e5 dxe5 17. Nxc6 Nxd3 18. Qxd3 exf4 19. Bc5 Re8 20. Ne7+ Rxe7 21. Bxe7 Qxe7 22. Rfd1 e5 23. Qd8+ Qf8 24. Qxf8+ Kxf8 25. Rd8+ Ke7 26. Rh8 e4 27. Kg1 g5 28. Rd1 Bg4 29. Rxa8 Bxd1 30. Rb8 Be2 31. Rxb7+ Kd6 32. Rb6+ Ke5 33. Rxa6 e3 34. Ra8 Bxc4 35. a4 Kd6 36. a5 Bb5 37. Rb8 Be2 38. Rb2 Bd3 39. a6 g4 40. a7 Be4 41. Rb4 1-0

[Event "Sabaneta op-A 1st"]
[Site "Sabaneta"]
[Date "2022.11.28"]
[Round "5"]
[White "Rodriguez Velasco, German Enrique"]
[Black "Marin, Sebastian"]
[Result "0-1"]
[WhiteElo "2097"]
[BlackElo "2279"]
[PlyCount "64"]
[EventDate "2022.11.25"]
[EventType "swiss"]
[EventRounds "10"]
[EventCountry "COL"]
[SourceTitle "CBM 211 Extra"]
[Source "ChessBase"]
[SourceDate "2023.01.31"]
[SourceVersion "1"]
[SourceVersionDate "2023.01.31"]
[SourceQuality "1"]

1. d4 Nf6 2. Nf3 e6 3. g3 b5 4. a4 b4 5. c4 Bb7 6. Bg2 Be7 7. Nbd2 0-0 8. 0-0 d6 9. Qc2 Nbd7 10. e4 e5 11. Re1 exd4 12. Nxd4 Rb8 13. N2b3 Ba8 14. Nf5 Re8 15. Be3 Bf8 16. Bxa7 Rc8 17. c5 dxc5 18. Rad1 g6 19. e5 Ng4 20. Bxc5 Rxe5 21. Rxe5 Ngxe5 22. f4 Nf3+ 23. Kf2 Nxh2 24. Bxf8 Ng4+ 25. Kg1 gxf5 26. Bc5 Qe8 27. Qxf5 Qe2 28. Qg5+ Kh8 29. Bd4+ f6 30. Bxa8 Qxd1+ 31. Kg2 Qxd4 32. Qxg4 Qxb2+ 0-1

[Event "COL-chT"]
[Site "Santa Marta"]
[Date "2022.11.05"]
[Round "7.4"]
[White "Rodriguez Velasco, German Enrique"]
[Black "Cordoba Roa, Angel Gabriel"]
[Result "0-1"]
[WhiteElo "2097"]
[BlackElo "2126"]
[PlyCount "60"]
[EventDate "2022.11.02"]
[EventType "team-swiss"]
[EventRounds "7"]
[EventCountry "COL"]
[SourceTitle "CBM 211 Extra"]
[Source "ChessBase"]
[SourceDate "2023.01.31"]
[SourceVersion "1"]
[SourceVersionDate "2023.01.31"]
[SourceQuality "1"]
[WhiteTeam "Boyaca"]
[BlackTeam "Antioquia"]
[WhiteTeamCountry "COL"]
[BlackTeamCountry "COL"]

1. Nf3 Nf6 2. g3 e6 3. Bg2 d5 4. 0-0 Be7 5. b3 0-0 6. Bb2 c5 7. d3 Nc6 8. Nbd2 d4 9. e4 e5 10. Nc4 Qc7 11. a4 b6 12. Nh4 g6 13. f4 exf4 14. gxf4 Nh5 15. Nf5 Nxf4 16. Nxe7+ Nxe7 17. Bf3 Be6 18. Bc1 Bxc4 19. bxc4 g5 20. Bg4 Rae8 21. Bxf4 gxf4 22. Qf3 f5 23. exf5 Nxf5 24. Qd5+ Kh8 25. Bxf5 Qg7+ 26. Kh1 Re5 27. Rg1 Rxd5 28. Rxg7 Kxg7 29. cxd5 Rxf5 30. Re1 f3 0-1

[Event "COL-chT Blitz"]
[Site "Santander"]
[Date "2022.09.10"]
[Round "7.1"]
[White "Cardenas Briceno, Eloy"]
[Black "Rodriguez Velasco, German Enrique"]
[Result "0-1"]
[WhiteElo "1486"]
[BlackElo "2151"]
[PlyCount "22"]
[EventDate "2022.09.10"]
[EventType "team-swiss (blitz)"]
[EventRounds "9"]
[EventCountry "COL"]
[SourceTitle "EXT 2023"]
[Source "ChessBase"]
[SourceDate "2022.10.05"]
[SourceVersion "1"]
[SourceVersionDate "2022.10.05"]
[SourceQuality "1"]
[WhiteTeam "Santander Norgtech CA"]
[BlackTeam "Boyaca"]
[WhiteTeamCountry "COL"]
[BlackTeamCountry "COL"]

1. e4 c5 2. d4 cxd4 3. c3 e6 4. cxd4 d5 5. e5 Nc6 6. Nf3 Nge7 7. Bb5 Nf5 8. 0-0 Qb6 9. Bxc6+ bxc6 10. Nc3 Ba6 11. Re1 Be7 0-1

[Event "COL-chT"]
[Site "Bucaramanga"]
[Date "2022.09.09"]
[Round "7.1"]
[White "Suarez Pinto, Sergio Rafael"]
[Black "Rodriguez Velasco, German Enrique"]
[Result "0-1"]
[WhiteElo "1910"]
[BlackElo "2091"]
[PlyCount "132"]
[EventDate "2022.09.06"]
[EventType "team-swiss"]
[EventRounds "7"]
[EventCountry "COL"]
[SourceTitle "CBM 210 Extra"]
[Source "ChessBase"]
[SourceDate "2022.11.30"]
[SourceVersion "1"]
[SourceVersionDate "2022.11.30"]
[SourceQuality "1"]
[WhiteTeam "Santander"]
[BlackTeam "Boyaca"]
[WhiteTeamCountry "COL"]
[BlackTeamCountry "COL"]

1. e4 c5 2. Nf3 e6 3. d4 cxd4 4. Nxd4 a6 5. Nc3 Qc7 6. Bd3 Nc6 7. Be3 Nf6 8. Qe2 b5 9. Nxc6 dxc6 10. 0-0 e5 11. h3 Bd6 12. Nb1 c5 13. c3 Bb7 14. Nd2 0-0 15. Rfe1 c4 16. Bc2 Bc5 17. Bg5 Qb6 18. Qf3 Nd7 19. Qg3 Qg6 20. Nf1 f6 21. Bd2 Rfd8 22. Rad1 Nf8 23. Qxg6 hxg6 24. b4 Bb6 25. a4 Ne6 26. a5 Ba7 27. Be3 Bxe3 28. fxe3 Ng5 29. Ng3 Kf7 30. Kf2 Ke6 31. Ke2 Rxd1 32. Rxd1 Rh8 33. Kf2 Ke7 34. Bb1 Rh4 35. Bc2 Nf7 36. Bb1 Nd6 37. Bc2 Ke6 38. Bb1 Rh8 39. Bc2 Rf8 40. Kg1 Bc6 41. Rf1 Rh8 42. Rd1 Ke7 43. Rf1 Bd7 44. Rd1 Be6 45. Kf2 f5 46. exf5 gxf5 47. Nf1 e4 48. Ng3 Nf7 49. Ne2 Ne5 50. Nd4 Nd3+ 51. Kg1 Bd7 52. Rf1 g6 53. Kh2 Kd6 54. Kg1 Ke5 55. Bd1 g5 56. Be2 f4 57. Nc2 Rh6 58. Bd1 f3 59. gxf3 Bxh3 60. f4+ gxf4 61. exf4+ Nxf4 62. Re1 Bg2 63. Be2 Rh3 64. Nd4 e3 65. Nc6+ Bxc6 66. Bf3 Rxf3 0-1

[Event "COL-chT"]
[Site "Bucaramanga"]
[Date "2022.09.07"]
[Round "2.2"]
[White "Campos Gomez, Manuel"]
[Black "Rodriguez Velasco, German Enrique"]
[Result "1-0"]
[WhiteElo "2288"]
[BlackElo "2091"]
[PlyCount "117"]
[EventDate "2022.09.06"]
[EventType "team-swiss"]
[EventRounds "7"]
[EventCountry "COL"]
[SourceTitle "CBM 210 Extra"]
[Source "ChessBase"]
[SourceDate "2022.11.30"]
[SourceVersion "1"]
[SourceVersionDate "2022.11.30"]
[SourceQuality "1"]
[WhiteTeam "Valle"]
[BlackTeam "Boyaca"]
[WhiteTeamCountry "COL"]
[BlackTeamCountry "COL"]

1. e4 c5 2. Nf3 e6 3. d4 cxd4 4. Nxd4 a6 5. c4 Nf6 6. Nc3 Qc7 7. Be2 Bd6 8. Be3 Nc6 9. Qd2 Bb4 10. f3 d5 11. exd5 exd5 12. a3 Bxc3 13. Qxc3 0-0 14. 0-0 Be6 15. Rfe1 Rfe8 16. Rad1 dxc4 17. Nxe6 Rxe6 18. Bxc4 Ree8 19. Bg5 Nd7 20. Kh1 Nf8 21. b4 Rac8 22. Ba2 Re5 23. Bh4 Rce8 24. Rxe5 Qxe5 25. Qc4 Ne6 26. h3 Qb2 27. Qb3 Qe5 28. Qd5 g5 29. Qxe5 Nxe5 30. Bg3 Ng6 31. Rd7 Re7 32. Rxe7 Nxe7 33. Bd6 Nf5 34. Be5 Nfd4 35. Bd5 Nc6 36. Bf6 h6 37. Kg1 Nc7 38. Be4 Ne8 39. Bc3 Kf8 40. Kf2 Nd6 41. Bd5 Ke7 42. Ke3 Nf5+ 43. Kd3 f6 44. a4 h5 45. g4 hxg4 46. hxg4 Nd6 47. Bd2 Kd7 48. Kc3 Ne7 49. Kd4 Ng6 50. Be3 Ne5 51. Bxg5 Nxf3+ 52. Bxf3 fxg5 53. Ke5 b5 54. a5 Nc4+ 55. Kf6 Ne3 56. Kxg5 Nc2 57. Kf6 Nxb4 58. g5 Ke8 59. g6 1-0

[Event "COL-ch Blitz"]
[Site "Villavicencio"]
[Date "2021.11.15"]
[Round "10"]
[White "Barrientos Chavarriaga, Sergio E"]
[Black "Rodriguez Velasco, German Enrique"]
[Result "1-0"]
[WhiteElo "2485"]
[BlackElo "2150"]
[PlyCount "77"]
[EventDate "2021.11.15"]
[EventType "swiss (blitz)"]
[EventRounds "13"]
[EventCountry "COL"]
[SourceTitle "CBM 205 Extra"]
[Source "ChessBase"]
[SourceDate "2022.01.31"]
[SourceVersion "1"]
[SourceVersionDate "2022.01.31"]
[SourceQuality "1"]

1. d4 Nf6 2. Nf3 g6 3. c4 c5 4. Nc3 Bg7 5. e4 cxd4 6. Nxd4 d6 7. Be2 0-0 8. 0-0 Bd7 9. Nc2 Nc6 10. Bd2 Rc8 11. Rc1 a6 12. b3 Ne5 13. Ne3 Bc6 14. f4 Ned7 15. Bf3 Qb6 16. Kh1 Nc5 17. Ned5 Qd8 18. Be3 e6 19. Nxf6+ Bxf6 20. Bxc5 dxc5 21. e5 Be7 22. Bxc6 Rxc6 23. Qf3 Rc7 24. g4 Rd7 25. Rcd1 Qc7 26. Rxd7 Qxd7 27. f5 exf5 28. gxf5 Qd4 29. Nd5 Qxe5 30. Rf2 Bd6 31. Qg4 Qe1+ 32. Kg2 Bxh2 33. Rf1 Qe5 34. Qh4 gxf5 35. Rxf5 Qe2+ 36. Rf2 Qd3 37. Kxh2 f5 38. Rg2+ Kh8 39. Qe7 1-0